[Event "AUTO-OPEN-954"]
[Site "http://www.queenalice.com/game.php?id=398228"]
[Date "2008.5.5"]
[Round "2"]
[White "zoneblitz"]
[Black "dunguinha"]
[Result "0-1"]
[WhiteElo "1962"]
[BlackElo "1938"]

1. e4 d5 2. exd5 Qxd5 3. Nc3 Qa5 4. d4 Nf6 5. Nf3 e6 6. Bd2 Bb4 7. a3 Bxc3 8.
Bxc3 Qb6 9. Bd3 c5 10. dxc5 Qxc5 11. O-O Nbd7 12. Bxf6 Nxf6 0-1

[Event "AUTO-OPEN-954"]
[Site "http://www.queenalice.com/game.php?id=398229"]
[Date "2008.5.5"]
[Round "2"]
[White "dunguinha"]
[Black "zoneblitz"]
[Result "1-0"]
[WhiteElo "1969"]
[BlackElo "1949"]

1. d4 d5 2. c4 dxc4 3. Nf3 Nf6 4. e3 e6 5. Bxc4 c5 6. O-O a6 7. a4 Nc6 8. Nc3
Be7 9. Ne2 O-O 10. Qc2 cxd4 11. Nexd4 Nxd4 12. Nxd4 e5 13. Nf3 1-0

[Event "AUTO-OPEN-954"]
[Site "http://www.queenalice.com/game.php?id=398234"]
[Date "2008.5.5"]
[Round "2"]
[White "dunguinha"]
[Black "Harry28"]
[Result "1/2-1/2"]
[WhiteElo "1971"]
[BlackElo "2054"]

1. d4 d6 2. e4 Nf6 3. Nc3 Nbd7 4. e5 dxe5 5. dxe5 Nxe5 6. Qxd8+ Kxd8 7. Bf4 Ng6
8. O-O-O+ Bd7 9. Bg5 c6 10. Bc4 e6 11. Ne4 Be7 12. Nd6 Bxd6 13. Rxd6 Ke7 14. Rd2
Rad8 15. Nf3 b5 16. Bb3 c5 17. a3 c4 18. Ba2 Bc6 19. Nd4 Bxg2 20. Rhd1 c3 21.
bxc3 Ba8 22. Nxb5 Rxd2 23. Rxd2 a6 24. Nd4 h6 25. Be3 Nd5 26. Bxd5 Bxd5 27. Nb3
Ne5 28. Bc5+ Kf6 29. Bd4 Kf5 30. f4 Nf3 31. Bxg7 Nxd2 32. Bxh8 Nxb3+ 33. cxb3
Bxb3 34. Kb2 Bc4 1/2-1/2

[Event "AUTO-OPEN-954"]
[Site "http://www.queenalice.com/game.php?id=398235"]
[Date "2008.5.5"]
[Round "2"]
[White "Harry28"]
[Black "dunguinha"]
[Result "1-0"]
[WhiteElo "2019"]
[BlackElo "1994"]

1. e4 e5 2. d4 exd4 3. Qxd4 Nc6 4. Qe3 Nf6 5. e5 Ng4 6. Qe4 Ngxe5 7. f4 d5 8.
Qe3 d4 9. Qe4 f5 10. Qe2 d3 11. cxd3 Qxd3 12. fxe5 Bb4+ 13. Bd2 Qxe2+ 14. Bxe2
a5 15. Nf3 O-O 16. O-O Nxe5 17. Nxe5 Re8 18. Bc4+ Kf8 19. Bxb4+ axb4 20. Nf3 Ra5
21. Nbd2 b6 22. Nb3 Ra7 23. Nbd4 Bb7 24. Rfe1 g6 25. Rxe8+ Kxe8 26. Nb5 1-0

[Event "AUTO-OPEN-1302"]
[Site "http://www.queenalice.com/game.php?id=477105"]
[Date "2008.10.14"]
[Round "1"]
[White "dunguinha"]
[Black "Petruzza"]
[Result "0-1"]
[WhiteElo "1975"]
[BlackElo "1679"]

1. d4 e6 2. c4 Nf6 3. Nf3 g6 4. Bg5 h6 5. Bxf6 Qxf6 6. e3 Bb4+ 7. Nbd2 c5 8. b3
d5 9. Bd3 cxd4 10. exd4 dxc4 11. bxc4 Nc6 12. O-O Nxd4 13. Ne4 Qf4 14. Nxd4 a5
15. c5 Ke7 16. a3 Bc3 17. g3 Qe5 18. Nf3 Qg7 19. Rb1 g5 20. Bb5 Rd8 21. Qc2 Be5
22. Rfd1 Rxd1+ 23. Qxd1 f5 24. Nd6 Bxd6 25. Qxd6+ Kf6 26. c6 bxc6 27. Bxc6 Ra6
0-1

[Event "AUTO-OPEN-1302"]
[Site "http://www.queenalice.com/game.php?id=477106"]
[Date "2008.10.14"]
[Round "1"]
[White "Petruzza"]
[Black "dunguinha"]
[Result "1-0"]
[WhiteElo "1707"]
[BlackElo "1937"]

1. e4 e5 2. Nf3 Nc6 3. c3 g6 4. b4 Nf6 5. Ba3 Nxe4 6. b5 Ne7 7. Nxe5 Nf5 8. Qe2
d5 9. Qf3 Ned6 10. Bd3 d4 11. Bxd6 Qxd6 12. Nc4 Qe6+ 13. Kd1 dxc3 14. Re1 Qxe1+
15. Kxe1 cxd2+ 16. Kxd2 Bg7 17. Qe4+ Be6 18. Nc3 O-O-O 19. Na5 Nd6 20. Qf3 b6
21. Qa8+ Kd7 22. Qc6+ Kc8 23. Nb3 Nc4+ 24. Kc2 Ne5 25. Qa8+ Kd7 26. Qb7 Nxd3 27.
Kxd3 1-0

[Event "AUTO-OPEN-1302"]
[Site "http://www.queenalice.com/game.php?id=477107"]
[Date "2008.10.14"]
[Round "1"]
[White "dunguinha"]
[Black "Bicolor"]
[Result "0-1"]
[WhiteElo "1859"]
[BlackElo "1222"]

1. d4 d5 2. c4 Nf6 3. Nf3 Nc6 4. e3 e6 5. Bd2 Bd6 6. Bd3 Nb4 7. Bxb4 Bxb4+ 8.
Nbd2 O-O 9. O-O c5 10. a3 Ba5 11. Nb3 Bb6 12. dxc5 Bc7 13. Nbd4 Ng4 0-1

[Event "AUTO-OPEN-1302"]
[Site "http://www.queenalice.com/game.php?id=477108"]
[Date "2008.10.14"]
[Round "1"]
[White "Bicolor"]
[Black "dunguinha"]
[Result "1-0"]
[WhiteElo "1222"]
[BlackElo "1859"]

1. d4 d5 2. Nc3 Nf6 3. f3 Bf5 4. g4 Bg6 5. Nh3 h6 6. e4 e6 7. Bf4 Bb4 8. Qd3
Nbd7 9. O-O-O Bxc3 10. Qxc3 dxe4 11. Bxc7 Qc8 12. g5 Nd5 13. Qc4 exf3 14. Bg3
Ne3 15. Qxc8+ 1-0

[Event "AUTO-OPEN-1302"]
[Site "http://www.queenalice.com/game.php?id=477109"]
[Date "2008.10.14"]
[Round "1"]
[White "dunguinha"]
[Black "Osedvr"]
[Result "0-1"]
[WhiteElo "1904"]
[BlackElo "1830"]

1. e4 e5 2. Nf3 Nc6 3. Bb5 d6 4. O-O Bd7 5. d3 a6 6. Ba4 h6 7. Nc3 Nf6 8. a3 Be7
9. Bb3 O-O 10. Ne2 Bg4 0-1

[Event "AUTO-OPEN-1302"]
[Site "http://www.queenalice.com/game.php?id=477110"]
[Date "2008.10.14"]
[Round "1"]
[White "Osedvr"]
[Black "dunguinha"]
[Result "1-0"]
[WhiteElo "1849"]
[BlackElo "1880"]

1. e4 c5 2. Nf3 Nc6 3. Bc4 e6 4. h3 Nf6 5. Nc3 d5 6. exd5 exd5 7. Bb5 Bd7 8.
Bxc6 Bxc6 9. d3 d4 10. Ne2 Bd6 11. Bf4 1-0

[Event "AUTO-ADV-1325"]
[Site "http://www.queenalice.com/game.php?id=587050"]
[Date "2009.5.12"]
[Round "1"]
[White "xerxe"]
[Black "dunguinha"]
[Result "1-0"]
[WhiteElo "1806"]
[BlackElo "1785"]

1. d4 Nf6 2. c4 g6 3. Nc3 Bg7 4. e4 d6 5. Bf4 Nh5 6. Bg5 O-O 7. Nf3 c5 8. d5 Re8
9. Be2 h6 10. Bh4 g5 11. Nxg5 e6 12. Nf3 Bf6 13. Bxf6 1-0

[Event "AUTO-ADV-1325"]
[Site "http://www.queenalice.com/game.php?id=587051"]
[Date "2009.5.12"]
[Round "1"]
[White "dunguinha"]
[Black "xerxe"]
[Result "0-1"]
[WhiteElo "1801"]
[BlackElo "1790"]

1. d4 d5 2. c4 c6 3. Nf3 g6 4. Nc3 Bg7 5. Bg5 Bf5 6. e3 Nf6 7. cxd5 Nxd5 8. Bc4
O-O 9. O-O Qd6 10. e4 Nxc3 11. bxc3 Bxe4 12. Re1 Bxf3 13. Bxe7 Bxd1 0-1

[Event "AUTO-ADV-1325"]
[Site "http://www.queenalice.com/game.php?id=587064"]
[Date "2009.5.12"]
[Round "1"]
[White "cassy"]
[Black "dunguinha"]
[Result "1-0"]
[WhiteElo "2050"]
[BlackElo "1859"]

1. d4 Nf6 2. Nf3 g6 3. Nc3 Bg7 4. e4 d6 5. Be3 O-O 6. Qd2 Re8 7. Bh6 Bh8 8.
O-O-O c5 9. dxc5 Nc6 10. cxd6 Qb6 11. e5 Ng4 12. Be3 Nxe3 13. Qxe3 Qxe3+ 14.
fxe3 Bg4 15. Bb5 Bxf3 16. gxf3 1-0

[Event "AUTO-ADV-1325"]
[Site "http://www.queenalice.com/game.php?id=587065"]
[Date "2009.5.12"]
[Round "1"]
[White "dunguinha"]
[Black "cassy"]
[Result "0-1"]
[WhiteElo "1851"]
[BlackElo "2058"]

1. d4 g6 2. e4 Bg7 3. Nf3 d6 4. Nc3 a6 5. Bc4 e6 6. O-O Ne7 7. Bg5 O-O 8. Qd2 b5
9. Bb3 Bb7 10. d5 e5 11. Bh6 Nd7 12. Bxg7 Kxg7 13. Nd1 Nc5 14. Ne3 Nxe4 15. Qb4
Nc5 0-1

[Event "AUTO-ADV-1325"]
[Site "http://www.queenalice.com/game.php?id=587074"]
[Date "2009.5.12"]
[Round "1"]
[White "dunguinha"]
[Black "kamikaze"]
[Result "0-1"]
[WhiteElo "1843"]
[BlackElo "1691"]

1. d4 d5 2. c4 c6 3. Nf3 Bg4 4. e3 e6 5. Nc3 Nf6 6. Bd3 Be7 7. O-O O-O 8. cxd5
cxd5 9. e4 dxe4 10. Nxe4 Nbd7 0-1

[Event "AUTO-ADV-1325"]
[Site "http://www.queenalice.com/game.php?id=587075"]
[Date "2009.5.12"]
[Round "1"]
[White "kamikaze"]
[Black "dunguinha"]
[Result "1-0"]
[WhiteElo "1713"]
[BlackElo "1821"]

1. d4 Nf6 2. c4 g6 3. Nc3 Bg7 4. Nf3 O-O 5. e4 d6 6. h3 e5 7. d5 Nbd7 8. Bd3 Nc5
9. Bc2 Nh5 10. O-O f5 11. exf5 1-0